[Event "Challenge"]
[Site "http://www.queenalice.com/game.php?id=1261677"]
[Date "2014.3.3"]
[Round "-"]
[White "ebrizzle"]
[Black "amartins99"]
[Result "1-0"]
[WhiteElo "1583"]
[BlackElo "1280"]

1. d4 d5 2. f4 e6 3. c3 c6 4. Nf3 b5 5. e3 Na6 6. Bd2 Nc7 7. Be2 Qh4+ 8. Nxh4 g6
9. O-O Bd7 10. b3 O-O-O 11. Bc1 Nf6 12. Na3 Ne4 13. c4 a6 14. c5 h6 15. Nf3 Rg8
16. h4 f5 17. Bb2 a5 18. Ne5 Rg7 19. Rf3 Kb7 20. Nc2 Ra8 21. a4 Na6 22. axb5
cxb5 23. Nxd7 Rxd7 24. Bxb5 Rh7 25. Bxa6+ Rxa6 26. b4 Kc8 27. b5 Rb7 28. b6 Rg7
29. Qd3 Ra8 30. Qb5 Kb7 31. Rxa5 Rc8 32. Ra7+ Kb8 33. Qa6 Rcc7 34. bxc7+ Rxc7
35. Rxc7 Kxc7 36. Nb4 Be7 37. Qc6+ Kb8 38. Na6+ Ka7 39. Qb6+ Ka8 40. Qb8# 1-0

[Event "returned from vacations"]
[Site "http://www.queenalice.com/game.php?id=1269409"]
[Date "2014.3.31"]
[Round "-"]
[White "amgoncal"]
[Black "amartins99"]
[Result "0-1"]
[WhiteElo "978"]
[BlackElo "1292"]

1. e4 d5 2. Bb5+ c6 3. Ba4 dxe4 4. d4 e6 5. Qg4 Nf6 6. Qg5 h6 7. Qh4 Qa5+ 8. Nc3
Qxa4 9. b3 Qxd4 10. Bd2 Ba3 11. Nge2 Qb6 12. Nxe4 Nd5 13. Nd6+ Kd7 14. Nxf7 Rf8
15. Nxh6 gxh6 16. Bxh6 Rxf2 17. Nd4 Rxg2 18. Qe4 Rg8 19. Qxe6+ Kd8 20. Qxg8+ Kd7
21. Qg4+ Kd6 22. Bf8+ Ke5 23. Bg7+ Kd6 24. Bf8+ Ke5 25. Bg7+ Nf6 26. Nf3+ Kd5
27. Bxf6 Bxg4 28. Rd1+ Ke6 29. Rd4 Bxf3 30. Bd8 Qxd4 31. Ba5 Bxh1 32. b4 Na6 0-1

[Event "LETICA XIII"]
[Site "http://www.queenalice.com/game.php?id=1271984"]
[Date "2014.4.10"]
[Round "-"]
[White "rogeriooliveira"]
[Black "amartins99"]
[Result "1/2-1/2"]
[WhiteElo "1320"]
[BlackElo "1333"]

1. e4 e5 2. Nf3 d5 3. exd5 Qxd5 4. Nc3 Qd7 5. d4 exd4 6. Nxd4 c5 7. Nf3 Qxd1+ 8.
Kxd1 Be7 9. Bb5+ Kd8 10. Bg5 f6 11. Be3 f5 12. Re1 a6 13. Be2 h6 14. Bc4 b6 15.
Bf1 h5 16. Bd3 Nc6 17. Kd2 b5 18. Nd5 Bh4 19. g3 Bf6 20. Nb6 Rb8 21. Re2 Rxb6
22. Rae1 Nb4 23. c3 Nxa2 24. Bxc5 Rc6 25. Re8+ Kd7 26. Bxf5+ Kc7 27. Be3 Bxf5
28. Bd4 Bg6 29. Bxf6 gxf6 30. Nd4 Rb6 31. Ne6+ Kc6 32. b3 Bxe8 33. Nf8 Bf7 34.
h3 Nh6 35. Ne6 Kd7 36. Nd4 Bxb3 37. g4 hxg4 38. hxg4 Nxg4 39. f3 Nf2 40. Nf5 Rh5
41. Re7+ Kd8 42. Rf7 Bxf7 43. Ng7 Rd5+ 44. Ke2 Nh1 45. Ke3 Rg5 46. Ne6+ Bxe6 47.
Kd3 Re5 48. Kc2 Rc6 49. f4 Re2+ 50. Kd3 Rf2 51. Ke3 Rxc3+ 52. Kd4 Rc4+ 53. Ke3
b4 54. Kd3 b3 55. f5 Bg8 56. Ke3 Bh7 57. Kd3 Rb4 58. Ke3 Bxf5 1/2-1/2

[Event "LETICIA XIV"]
[Site "http://www.queenalice.com/game.php?id=1271986"]
[Date "2014.4.10"]
[Round "-"]
[White "rogeriooliveira"]
[Black "amartins99"]
[Result "1-0"]
[WhiteElo "1448"]
[BlackElo "1368"]

1. e4 e5 2. d4 f6 3. dxe5 fxe5 4. Nf3 d6 5. Nc3 a6 6. Bc4 b5 7. Be2 Nf6 8. O-O
b4 9. Na4 Nxe4 10. Re1 h6 11. Bd3 Nf6 12. b3 g5 13. Nd2 Nd5 14. Re2 g4 15. g3
Rh7 16. Qe1 Rf7 17. Bb2 Nc6 18. f4 Re7 19. fxe5 Kd7 20. Bc4 Nb6 21. Nxb6+ cxb6
22. Bd3 d5 23. e6+ Kc7 24. Bf5 Rf7 25. exf7 Be7 26. Be5+ Kb7 27. a3 Qf8 28.
Bxc8+ Rxc8 29. Rd1 Qxf7 30. Rf2 Qg6 31. Nb1 Qg5 32. axb4 Nxb4 33. c3 Nc6 34. Re2
Bc5+ 35. Bd4 Be7 36. Rd3 Bf8 37. Rde3 Na5 38. b4 Nb3 39. Nd2 Nxd4 40. cxd4 Bxb4
41. Re7+ Kb8 42. Re8 Rd8 43. Rxd8+ Qxd8 44. Qd1 Bc5 45. dxc5 bxc5 46. Qc1 Qc8
47. Qb1+ Kc7 48. Nb3 c4 49. Nd4 Kd7 50. Qf5+ Kc7 51. Ne6+ Kc6 52. Rf2 Qg8 53.
Nd4+ Kc5 54. Ne6+ Kc6 55. Rd2 Kb5 56. Rb2+ Kc6 57. Nd4+ Kc5 58. Ne6+ Kd6 59.
Rb6+ Kd7 60. Rxa6 c3 61. Ra7+ Kc6 62. Ra6+ Kd7 63. Nd4+ Ke7 64. Qe5+ Kd7 65.
Qd6+ Ke8 66. Ra8+ Kf7 67. Rxg8 Kxg8 68. Qxd5+ Kg7 69. Qd7+ Kg6 70. Qc6+ Kg7 71.
Qxc3 Kg6 72. Qc6+ Kh5 73. Qd5+ Kg6 74. Qe6+ Kg7 75. Nf5+ Kh7 76. Qf7+ Kh8 77.
Qg7# 1-0

[Event "MARCELO VI"]
[Site "http://www.queenalice.com/game.php?id=1272842"]
[Date "2014.4.13"]
[Round "-"]
[White "rogeriooliveira"]
[Black "amartins99"]
[Result "0-1"]
[WhiteElo "1327"]
[BlackElo "1351"]

1. e4 e5 2. d4 exd4 3. Qxd4 Nc6 4. Qd5 Nf6 5. Qd3 Na5 6. Bd2 b6 7. Nc3 c6 8. Nf3
Rg8 9. Be2 a6 10. O-O-O b5 11. b4 Qb6 12. Be3 Qc7 13. bxa5 b4 14. Nb1 d6 15. Rd2
Qxa5 16. Rhd1 Qc7 17. e5 dxe5 18. Qd8+ Qxd8 19. Rxd8+ Ke7 20. Bc5+ Ke6 21. Bxf8
Nd7 22. Nbd2 Nxf8 23. Bc4+ Ke7 24. Nxe5 Kxd8 25. Ndf3+ Kc7 26. Ng5 Ne6 27. Bxe6
fxe6 28. Nd3 a5 29. Nf4 e5 30. Nfe6+ Kb7 31. Kb2 Re8 32. Nxg7 Re7 33. Nh5 h6 34.
Nf3 Kb6 35. Nf6 e4 36. Ne1 Bg4 37. Rd4 Bf5 38. Ng8 Rxg8 39. g3 c5 40. Rd6+ Kc7
41. Ra6 Rge8 42. Ra7+ Kb8 43. Rxe7 Rxe7 44. f3 e3 45. Kc1 Be6 46. Ng2 e2 47. Kd2
Bxa2 48. Ke1 Bd5 49. Nf4 Bxf3 50. Ng6 Rg7 51. Ne5 Bh5 52. Nc6+ Kb7 53. Ne5 Kb6
54. g4 Be8 55. Kxe2 Re7 56. Kd1 Rxe5 57. h4 a4 58. Kc1 Re2 59. g5 Rg2 60. gxh6
Rg8 61. h7 Rh8 62. Kb2 a3+ 63. Ka2 Bf7+ 64. Kb1 Rxh7 65. h5 Rxh5 66. Ka1 Rh1#
0-1

[Event "MARCELO IX"]
[Site "http://www.queenalice.com/game.php?id=1272845"]
[Date "2014.4.13"]
[Round "-"]
[White "rogeriooliveira"]
[Black "amartins99"]
[Result "0-1"]
[WhiteElo "1243"]
[BlackElo "1316"]

1. e4 e5 2. d4 exd4 3. Qxd4 Nc6 4. Qd5 Nf6 5. Qd3 Bb4+ 6. Bd2 Bc5 7. Nc3 Nb4 8.
Qe2 Nxc2+ 9. Kd1 Nxa1 10. Qf3 a5 11. Be3 b6 12. Bxc5 bxc5 13. Bb5 c6 14. Be2 Rb8
15. Nh3 Qe7 16. b3 Rg8 17. Kc1 Qe5 18. Kb2 Nxb3 19. axb3 d6 20. Re1 d5 21. exd5
cxd5 22. Rc1 c4 23. Bd1 g5 24. Qe2 Ne4 25. Qc2 Nxc3 26. Qxc3 Qxh2 27. Bf3 g4 28.
Bxg4 Bxg4 29. Nf4 Qxf4 30. f3 Bh5 31. Kc2 Rxg2+ 32. Kb1 Ra8 33. bxc4 Rb8+ 34.
Ka1 dxc4 35. Qxc4 Qf6+ 36. Qc3 Qe6 37. Qxa5 Bxf3 38. Qa3 Qf6+ 39. Rc3 Bd5 40.
Qa4+ Kf8 41. Qd7 Qa6+ 42. Ra3 Qxa3# 0-1

[Event "MARCELO XIV"]
[Site "http://www.queenalice.com/game.php?id=1272850"]
[Date "2014.4.13"]
[Round "-"]
[White "rogeriooliveira"]
[Black "amartins99"]
[Result "0-1"]
[WhiteElo "1316"]
[BlackElo "1332"]

1. e4 e5 2. d4 Nc6 3. dxe5 Nxe5 4. Nf3 Ng4 5. h3 Ne3 6. fxe3 c5 7. Nc3 b6 8. Bb5
Qc7 9. O-O a6 10. Be2 Rb8 11. Bd3 b5 12. Ne2 c4 13. Bxc4 bxc4 14. c3 Nf6 15. Bd2
Rxb2 16. Bc1 Rb5 17. Bd2 Nxe4 18. Ned4 Rb2 19. Bc1 Rb6 20. Bd2 Nxd2 21. Qxd2 d5
22. Qe2 h5 23. a4 Rhh6 24. Ne5 f6 25. Nef3 Rb3 26. Rac1 Rb6 27. Rb1 Rd6 28. Rbe1
Qb7 29. e4 Kf7 30. Rf2 Bd7 31. a5 Ba4 32. e5 Rd7 33. Nf5 Qb3 34. Nd6+ Kg8 35.
exf6 Rxd6 36. fxg7 Bxg7 37. Qe8+ Bxe8 38. Rc1 Qb5 39. Ra1 Bxc3 40. Ra3 Bxa5 41.
Re3 Bb4 42. Rfe2 Bc5 43. Kf1 d4 44. Rxe8+ Kg7 45. R2e7+ Kg6 46. Ne5+ Kf5 47.
Rf8+ Ke4 48. Nf7+ Kd3 49. Nh8 Rhf6+ 50. Rxf6 Rxf6+ 51. Kg1 Bxe7 52. g3 Qg5 53.
Kg2 Qd2+ 54. Kg1 c3 55. g4 Qf2+ 56. Kh1 Rf3 57. gxh5 Rxh3# 0-1

[Event "SANTA CRUZ VI"]
[Site "http://www.queenalice.com/game.php?id=1272862"]
[Date "2014.4.13"]
[Round "-"]
[White "perucona"]
[Black "amartins99"]
[Result "1/2-1/2"]
[WhiteElo "1350"]
[BlackElo "1354"]

1. e4 e5 2. d4 exd4 3. Qxd4 Nc6 4. Qd5 a5 5. Bc4 Nb4 6. Qd2 b6 7. c3 Nc6 8. Nf3
Nf6 9. O-O Nxe4 10. Qe2 f5 11. Re1 d6 12. Bb5 Bd7 13. Bxc6 Bxc6 14. Bg5 Be7 15.
Bxe7 Qxe7 16. Nbd2 h6 17. Nxe4 fxe4 18. Nd4 Ba4 19. b3 Bc6 20. f3 e3 21. Qxe3
Qxe3+ 22. Rxe3+ Kd7 23. Rae1 Bb5 24. Re7+ Kc8 25. Nxb5 a4 26. bxa4 c6 27. Nxd6+
Kb8 28. Re8+ Kc7 29. Rxh8 Rxh8 30. Nf7 Rf8 31. Ne5 Ra8 32. c4 Rxa4 33. Ra1 Ra3
34. Ng6 Ra4 35. g3 Rxc4 36. f4 Rd4 37. Re1 c5 38. Re7+ Kd6 39. a3 Rd1+ 40. Kg2
h5 41. Rxg7 Rd2+ 42. Kf3 Rd3+ 43. Ke4 Rxa3 44. f5 Ra8 45. f6 Re8+ 46. Kf5 c4 47.
f7 c3 48. Nf4 h4 49. gxh4 Kc5 50. Ng6 c2 51. h5 Rc8 52. f8=Q+ Kc6 53. Qf6+ Kb5
54. Qe5+ Rc5 55. Nf4 c1=Q 56. Qxc5+ Qxc5+ 57. Kg4 Qd4 58. h6 Qf6 59. Rg6 Qf7 60.
Kg5 Kc4 61. Rg7 Qf8 62. Kg6 Qd6+ 63. Kh7 Qxf4 64. Rg6 b5 65. Kg7 Qc7+ 66. Kg8
Qc8+ 67. Kg7 Qc7+ 68. Kf6 Qd8+ 69. Kg7 Qd7+ 70. Kf8 Qh7 71. Rg7 Qxh6 72. Kf7
Qxh2 73. Ke8 b4 74. Rb7 Qd2 75. Rc7+ Kb3 76. Rf7 Kc2 77. Rc7+ Kd1 78. Rh7 Qe1+
79. Kd7 b3 80. Rh2 Qe5 81. Rh1+ Kc2 82. Kc6 b2 83. Rg1 Qe4+ 84. Kb5 Qe3 85. Rh1
Qb3+ 86. Kc5 Qa3+ 87. Kd5 Qa5+ 88. Kd4 Qa4+ 89. Ke3 Qb3+ 90. Ke4 Qe6+ 91. Kf4
Qd5 92. Rf1 Qc4+ 93. Ke3 Qxf1 94. Ke4 Qe1+ 95. Kd4 b1=Q 96. Kd5 Qa2+ 97. Kd6
Qd1+ 98. Ke5 Qe1+ 99. Kf5 Qd5+ 100. Kf4 Qed2+ 101. Kg3 Q5g5+ 102. Kf3 Qd3+ 103.
Kf2 Qg4 104. Ke1 Qgf3 1/2-1/2

[Event "Challenge"]
[Site "http://www.queenalice.com/game.php?id=1278571"]
[Date "2014.5.3"]
[Round "-"]
[White "amartins99"]
[Black "vivi_jamile"]
[Result "0-1"]
[WhiteElo "1319"]
[BlackElo "1338"]

1. e4 e5 2. Nf3 Nc6 3. Bb5 Nf6 4. d3 Bc5 5. h3 O-O 6. g4 Nd4 7. Nxe5 Nxb5 8. O-O
d6 9. Nc4 Be6 10. Ne3 Nd4 11. f4 d5 12. e5 Nd7 13. a3 a5 14. b3 Qh4 15. c3 Nxb3
16. Qxb3 Qg3+ 17. Kh1 Qxh3+ 18. Kg1 Bxe3+ 19. Bxe3 Qxe3+ 20. Kh1 Qxd3 21. Ra2
Qxf1+ 22. Kh2 Qxf4+ 23. Kg2 Nxe5 24. Qxb7 Qf3+ 25. Kg1 Qxg4+ 26. Kf1 Rae8 27.
Qxc7 Nd3 28. Qa7 Bf5 29. Qxa5 Re1# 0-1

[Event "Challenge"]
[Site "http://www.queenalice.com/game.php?id=1290309"]
[Date "2014.6.24"]
[Round "-"]
[White "gabi223"]
[Black "amartins99"]
[Result "0-1"]
[WhiteElo "1206"]
[BlackElo "1262"]

1. d4 d5 2. g3 b5 3. Nc3 Ba6 4. Bg2 c6 5. Bg5 h6 6. Bf4 Nd7 7. Nf3 b4 8. Nb1 f5
9. O-O Rb8 10. Bxb8 Qxb8 11. Nbd2 c5 12. Ne5 Ndf6 13. e3 Ng4 14. Nxg4 fxg4 15.
Re1 g5 16. dxc5 e6 17. Qxg4 Qb6 18. cxb6 axb6 19. Qxe6+ Kd8 20. Qxb6+ Ke8 21.
Qc6+ Kd8 22. Qxa6 Rh7 23. Bxd5 Ne7 0-1

[Event "Challenge"]
[Site "http://www.queenalice.com/game.php?id=1290310"]
[Date "2014.6.24"]
[Round "-"]
[White "amartins99"]
[Black "gabi223"]
[Result "1-0"]
[WhiteElo "1284"]
[BlackElo "1206"]

1. e4 e6 2. d4 d5 3. e5 Nc6 4. Bb5 Bd7 5. h4 f6 6. Nf3 Be7 7. h5 a6 8. Bf1 fxe5
9. h6 gxh6 10. g4 Bd6 11. dxe5 Nxe5 12. Nd4 Nf6 13. Rg1 Rg8 14. Bxh6 Nexg4 15.
Qe2 e5 16. f3 Nxh6 17. Rh1 Nf5 18. Nb3 Ng3 19. Qg2 Nxh1 20. Qxh1 e4 21. Nc3 exf3
22. Qxf3 Bg3+ 23. Ke2 1-0

[Event "Challenge"]
[Site "http://www.queenalice.com/game.php?id=1309590"]
[Date "2014.9.21"]
[Round "-"]
[White "dejami"]
[Black "amartins99"]
[Result "1-0"]
[WhiteElo "1721"]
[BlackElo "1262"]

1. e4 Nf6 2. e5 Ng8 3. Qf3 c6 4. Bc4 d5 5. exd6 Qxd6 6. Qxf7+ Kd7 7. Qxf8 Na6 8.
c3 b5 9. Be2 Qe6 10. Qxg7 Bb7 11. Qxh8 Qf7 12. Bg4+ e6 13. Qd4+ Kc7 14. d3 Nf6
15. Bf4+ e5 16. Bxe5# 1-0

[Event "Challenge"]
[Site "http://www.queenalice.com/game.php?id=1318461"]
[Date "2014.10.28"]
[Round "-"]
[White "gobblemate"]
[Black "amartins99"]
[Result "0-1"]
[WhiteElo "1139"]
[BlackElo "1303"]

1. d4 d5 2. Nf3 c6 3. Bf4 e6 4. e3 Bb4+ 5. c3 Ba5 6. Bd3 Nf6 7. Nbd2 Ng4 8. Ne5
f6 9. Nxg4 h5 10. Nh6 gxh6 11. Qxh5+ Ke7 12. e4 Bd7 13. e5 Be8 0-1